书目信息 |
| 题名: |
岩土工程测试与监测技术
|
|
| 作者: | 宰金珉 , 王旭东 , 徐洪钟 主编 | |
| 分册: | ||
| 出版信息: | 北京 中国建筑工业出版社 2016.08 |
|
| 页数: | 275页 | |
| 开本: | 28cm | |
| 丛书名: | ||
| 单 册: | ||
| 中图分类: | TU4 | |
| 科图分类: | ||
| 主题词: | 土力学 , 地基--基础(工程) | |
| 电子资源: | ||
| ISBN: | 7-112-19186-6 | |
| 000 | 00755nam0 2200241 450 | |
| 001 | 1759620275 | |
| 005 | 20201102162517.45 | |
| 010 | @a7-112-19186-6@dCNY35.00 | |
| 100 | @a20170220d2016 km y0chiy0120 ea | |
| 101 | 0 | @achi |
| 102 | @aCN@b110000 | |
| 200 | 1 | @a岩土工程测试与监测技术@Ayan tu gong cheng ce shi yu jian ce ji shu@f宰金珉,王旭东,徐洪钟主编@Fzai jin min,wang xu dong,xu hong zhong zhu bian |
| 205 | @a2版 | |
| 210 | @a北京@c中国建筑工业出版社@d2016.08 | |
| 215 | @a275页@d28cm | |
| 606 | 0 | @a土力学 |
| 606 | 0 | @a地基@x基础(工程) |
| 690 | @aTU4@v4 | |
| 701 | 0 | @a宰金珉@Azai jin min@4主编 |
| 701 | 0 | @a王旭东@Awang xu dong@4主编 |
| 701 | 0 | @a徐洪钟@Axu hong zhong@4主编 |
| 801 | 0 | @aCN@bMUSE@c20170220 |
| 905 | @aMUSE@dTU4@eZ0041=2 | |
| 岩土工程测试与监测技术/宰金珉,王旭东,徐洪钟主编.-2版.-北京:中国建筑工业出版社,2016.08 |
| 275页;28cm |
| ISBN 7-112-19186-6:CNY35.00 |
| ● |
| 相关链接 |
|
|
|
正题名:岩土工程测试与监测技术
索取号:TU4/Z0041=2
 
预约/预借
| 序号 | 登录号 | 条形码 | 馆藏地/架位号 | 状态 | 备注 |
| 1 | 1239235 | 212392356 | 土木与交通工程学院资料室/ [索取号:TU4/Z0041=2] | 在馆 | |
| 2 | 1304961 | 213049618 | 建筑库101/101建筑库 93排2列1层/ [索取号:TU4/Z0041=2] | 在馆 | |
| 3 | 1501468 | 215014687 | 建筑库101/101建筑库 93排2列1层/ [索取号:TU4/Z0041=2] | 在馆 |